000 00805nam a2200241Ia 4500
003 OSt
005 20220926022255.0
006 a|||||r|||| 00| 0
007 ta
008 220923b |||||||| |||| 00| 0 eng d
020 _a978921170399
037 _cGeneral Book
040 _aRTL
_cRTL
_beng
041 _2eng
_aeng
082 _aX0gF, Q1/UN
100 _aUNITED NATIONS ECONOMIC COMMISSION FOR EUROPE
245 0 _aPromoting innovation in the services sector
_b Review of experiences and policies
260 _aNew York
_bUnited Nations
_c2011
300 _ax, 210p
_ccm.
490 _aInternational Studies in Sociology and Social Anthropology; Vol.126
942 _hX0gF, Q1/UN
_cGB
_2CC
999 _c639054
_d639054